Prefecture-level cities of Shandong - Statistics

General Stats
  • This quiz has been taken 24 times
  • The average score is 15 of 16
Answer Stats
Answer % Correct
Qingdao
100%
Yantai
100%
Jinan
96%
Linyi
96%
Weifang
96%
Zibo
96%
Binzhou
92%
Dongying
92%
Heze
92%
Liaocheng
92%
Rizhao
92%
Tai'an
92%
Weihai
92%
Zaozhuang
92%
Dezhou
88%
Jining
88%
No matching quizzes found
Score Distribution
Percent of People with Each Score
Percentile by Number Answered
Your Score History
You have not taken this quiz